000 004380000a22001930004500
001 1098
003 CO-MdFUSB
005 20170627190836.0
008 170627b xxu||||| |||| 00| 0 eng d
020 _a84-414-0249-3
040 _cCO-MdBIC
082 0 4 _a863C C269e
110 1 _aCoccinella
245 1 0 _aLa estación / Cocinella
260 _aMadrid : Edaf
300 _a[ 10 P. ]
650 1 4 _aLiteratura Infantil
942 _cLGB
999 _c48274
_d48274